[Event "Dortmund Sparkassen op-C 47th"]
[Site "Dortmund"]
[Date "2019.07.14"]
[Round "2"]
[White "Wichmann, Luc"]
[Black "Gutkin, David"]
[Result "1/2-1/2"]
[WhiteElo "1294"]
[BlackElo "1459"]
[PlyCount "48"]
[EventDate "2019.07.13"]
[EventType "swiss"]
[EventRounds "9"]
[EventCountry "GER"]
[SourceTitle "CBM 192 Extra"]
[Source "Chessbase"]
[SourceDate "2019.11.06"]
[SourceVersion "1"]
[SourceVersionDate "2019.11.06"]
[SourceQuality "1"]

1. d4 d5 2. Nf3 Nf6 3. Bf4 Nc6 4. e3 Bg4 5. Nbd2 e6 6. Bd3 Bd6 7. Bxd6 Qxd6 8. h3 Bh5 9. c3 a6 10. Qc2 e5 11. Be2 e4 12. Nh2 Bxe2 13. Kxe2 Nd7 14. a3 b5 15. b4 f5 16. g3 Nb6 17. Rac1 Ne7 18. Nb3 Na4 19. Nc5 Nxc5 20. bxc5 Qg6 21. Kf1 h5 22. h4 Qf6 23. a4 0-0 24. axb5 axb5 1/2-1/2

[Event "Gelsenkirchen Silvester op 4th"]
[Site "Gelsenkirchen"]
[Date "2016.12.29"]
[Round "5"]
[White "Gutkin, David"]
[Black "Nikolaus, Maik"]
[Result "1-0"]
[WhiteElo "1165"]
[BlackElo "1561"]
[PlyCount "117"]
[EventDate "2016.12.27"]
[EventType "swiss"]
[EventRounds "5"]
[EventCountry "GER"]
[SourceTitle "EXT 2019"]
[Source "ChessBase"]
[SourceDate "2018.10.10"]
[SourceVersion "1"]
[SourceVersionDate "2018.10.10"]
[SourceQuality "1"]

1. e4 e5 2. Nf3 Nf6 3. Nc3 Bb4 4. d3 Bxc3+ 5. bxc3 Nc6 6. Bg5 h6 7. Bh4 g5 8. Bg3 d6 9. d4 Nxe4 10. dxe5 Nxg3 11. hxg3 Nxe5 12. Nxe5 dxe5 13. Qxd8+ Kxd8 14. Bc4 Ke7 15. Rd1 Be6 16. Bxe6 Kxe6 17. Ke2 Ke7 18. Rd3 f6 19. g4 Rh7 20. Rhd1 Ke6 21. Rd8 Rxd8 22. Rxd8 Ke7 23. Ra8 a6 24. Ra7 Kd6 25. Rxb7 Kc6 26. Rb8 h5 27. Rf8 hxg4 28. Rxf6+ Kd5 29. Rxa6 Ke4 30. Ra4+ Kf5 31. Rb4 c6 32. Ra4 Rb7 33. Rb4 Ra7 34. a4 c5 35. Rc4 Ra5 36. f3 gxf3+ 37. Kxf3 Kf6 38. Ke4 Ke6 39. g4 Kd6 40. Kf5 Kd5 41. Re4 Ra8 42. Rxe5+ Kc4 43. Kxg5 Kxc3 44. Rxc5+ Kb4 45. Rc7 Rxa4 46. c4 Kc3 47. Kf6 Ra6+ 48. Kf7 Rh6 49. Kg7 Rh4 50. g5 Kd4 51. g6 Ke5 52. c5 Kd5 53. Kg8 Rg4 54. g7 Rg2 55. Rf7 Ra2 56. Rf5+ Ke6 57. Rh5 Ra8+ 58. Kh7 Ra7 59. Kh8 1-0